000 00488nam a2200169 i 4500
001 100810
003 ES-MaACL
007 t|
008 051005s1974 ck ||||1| spa d
100 1 _aMattei, Olga Elena.
_979112
245 1 3 _aLa gente /
_cOlga Elena Mattei.
260 _aBogotá :
_bInstituto Colombiano de Cultura,
_c1974.
300 _a182 p. ;
_c17 cm.
852 _aES-MaACL
_jE-9363
_bR.94118
852 _aES-MaACL
_jE-9364
_bR.94119
852 _aES-MaACL
_jE-9365
_bR.94120
999 _c100810
_d100810